| 000 | 01232cac a22003375a 4500 | ||
|---|---|---|---|
| 008 | 090126t2007 enka fr f001 0 eng d | ||
| 010 | _a2006205014 | ||
| 020 | _a0750682205 | ||
| 020 | _a9780750682206 | ||
| 035 | _a(OCoLC)ocm69174324 | ||
| 040 |
_aEG-ScBUE _beng _cEG-ScBUE |
||
| 082 | 0 | 4 |
_a690 _bHAL _222 |
| 100 | 1 | _aHall,Fred. | |
| 245 | 1 | 0 |
_aBuilding services handbook / _cFred Hall and Roger Greeno. |
| 250 | _a4th ed. | ||
| 260 |
_aOxford : _bButterworth-Heinemann / Elsevier, _cc.2007. |
||
| 300 |
_a560 p. : _bill. ; _c24 cm. |
||
| 500 | _aIndex: p. 551-560. | ||
| 500 | _a"Incorporating current building & construction regulations."--Cover. | ||
| 590 | _aMohamed Hussein Reviewed by: Wessam | ||
| 650 | 0 |
_aBuilding _vHandbooks, manuals, etc. _2BUEsh |
|
| 650 | 0 |
_aBuilding _zGreat Britain _vHandbooks, manuals, etc. _2BUEsh |
|
| 650 | 0 |
_aFacility management _vHandbooks, manuals, etc. _2BUEsh |
|
| 650 | 0 |
_aBuildings _xEnvironmental engineering _vHandbooks, manuals, etc. _2BUEsh |
|
| 650 | 0 |
_aHeating--Equipment and supplies--Design and construction _2BUEsh |
|
| 651 | _2BUEsh | ||
| 653 | _bENGCIV | ||
| 655 |
_vreading book _934232 |
||
| 700 | 1 | _aGreeno, Roger | |
| 942 |
_cNB _k690 HAL _2ddc |
||
| 999 |
_c8785 _d8785 |
||